00948nam a22002417a 450000500170000001000130001702000220003003500130005203700160006504000120008108200160009310000360010924501180014526000500026327000500031330000250036350000500038865000210043865000410045994200250050099900190052595201620054420170124110105.0 aA-943780 c00.00a8176480606 aA-943780 bCen Lib/Ret aDPLbEN a658.15bKHA aKhan, Mohammed Akbar Ali928013 aHospital management :cby Mohammed Akbar Ali Khanba focus of financing and cost efficiency of Public hospitals / bA.P.H Publishing CorporationaNew Delhic1999 a5, Ansari Road, Daryaganj bNew Delhie110002 axix,252p. c21cm(Hb) aIncludes bibliographical references and index aManagement93072 aManagement audit in Hospitals928014 2ddccENh658.15mKHA c129996d129996 04104070aLbLd2015-07-08eCen Lib/Retg0.00l0o658.15 KHApA-943780r2015-07-08 00:00:00t1v0.00w2015-07-08yENzW/d List No. 6870/17 ; dtd 13/08/2020